Muslims and the Indian National Congress (Record no. 8431)

MARC details
000 -LEADER
fixed length control field 00397nam a2200157 a 4500
082 00 - DEWEY DECIMAL CLASSIFICATION NUMBER
Classification number 323.39710954
Author Cutter SAX
100 ## - MAIN ENTRY--AUTHOR NAME
Author name Saxena, V K
245 ## - TITLE STATEMENT
Title Muslims and the Indian National Congress
260 ## - PUBLICATION, DISTRIBUTION, ETC. (IMPRINT)
Place of publication Delhi
Name of publisher Discovery Pub.House
Year of publication 1985
300 ## - PHYSICAL DESCRIPTION
Number of Pages 258p
500 ## - GENERAL NOTE
General note includes index and biblioraphy
505 2# - FORMATTED CONTENTS NOTE
Formatted contents note Index
650 ## - SUBJECT ADDED ENTRY--TOPICAL TERM
Topical Term Muslims-India-Politics
942 ## - ADDED ENTRY ELEMENTS (KOHA)
Koha item type Books
700 1# -
-- Saxena, V K
Holdings
Home library Current library Date acquired Cost, normal purchase price Full call number Accession Number Koha item type
Henry Martyn Institute Library Henry Martyn Institute Library 04/10/2007 175.00 323.39710954 SAX 012286 E-Books
                   Copyright © 2026 | Henry Martyn Institute | Hyderabad | TS-500052 | INDIA | Implemented by hmi.edu.in
Hit-Count:

Powered by Koha